Shluková analýza poptávkové strany trhu základních bankových služeb

Trh základných bankových služieb fyzickým osobám pre nepodnikateľské účely, ktoré sa označujú ako retail core banking services (RCBS). Klasifikácia klientov bánk a vymedzenie základných skupín vo vzťahu k transakciám na účtoch klientov. Analýza dopytu na trhu RCBS.

Salvato in:
Dettagli Bibliografici
Autore principale: Draessler, Jan
Altri autori: Soukal, Ivan, Hedvičáková, Martina
Natura: Capitolo di libro
Lingua:ceco
Soggetti:
Tags: Aggiungi Tag
Nessun Tag, puoi essere il primo ad aggiungerne!!

MARC

LEADER 00000naa a2200000 4500
001 0146329
005 20231207101634.4
041 0 |a cze 
044 |a CZ 
245 1 0 |a Shluková analýza poptávkové strany trhu základních bankových služeb  |c Jan Draessler, Ivan Soukal, Martina Hedvičáková 
520 |a Trh základných bankových služieb fyzickým osobám pre nepodnikateľské účely, ktoré sa označujú ako retail core banking services (RCBS). Klasifikácia klientov bánk a vymedzenie základných skupín vo vzťahu k transakciám na účtoch klientov. Analýza dopytu na trhu RCBS. 
610 2 0 |a banky 
610 2 0 |a bankovníctvo retailové 
610 2 0 |a služby bankové 
610 2 0 |a operácie bankové 
610 2 0 |a styk platobný bezhotovostný 
610 2 0 |a styk platobný hotovostný 
610 2 0 |a účty bankové 
610 2 0 |a karty platobné 
610 2 0 |a klienti 
100 1 |a Draessler, Jan 
700 1 |a Soukal, Ivan 
700 1 |a Hedvičáková, Martina